| 000 | 00983nam a2200301 i 4500 | ||
|---|---|---|---|
| 001 | bg | ||
| 100 | 1 | _aLAMPERT, Winfried | |
| 245 | 1 | 0 |
_aEkologia wód śródlądowych / _cWinfried Lampert, Ulrich Sommer ; z niem. przeł. Joanna Pijanowska. |
| 246 |
_iTyt. oryg.: _aLimnoökologie |
||
| 250 | _aWyd. 2 zm. | ||
| 260 |
_aWarszawa : _bWydaw. Naukowe PWN, _c2001. |
||
| 300 |
_a415, [1] s. : _bil. ; _c24 cm. |
||
| 500 | _aTyt. oryg.: "Limnoökologie" 1993. | ||
| 504 | _aBibliogr. - Indeks. | ||
| 650 | 9 |
_aWody śródlądowe _xekologia |
|
| 655 | _aPodręczniki akademickie | ||
| 700 | 1 | _aSOMMER, Ulrich | |
| 700 | 1 |
_aPIJANOWSKA, Joanna. _eTł. |
|
| 015 | _aPB 10445/2001 | ||
| 020 | _a8301133872 | ||
| 040 | _cBPK | ||
| 041 | 1 |
_apol _hger |
|
| 080 | _a574.5(28)(075.8) | ||
| 920 | _a83-01-13387-2 | ||
| 942 | _cKS | ||
| 008 | s pl f |000 0 pol | ||
| 999 |
_c51509 _d51509 |
||
| 856 |
_uhttp://koha.tu.koszalin.pl/cgi-bin/koha/opac-detail.pl?biblionumber=51509 _yKatalog online BPK |
||